Graph theory : an algorithmic approach /
Guardado en:
| Autor Principal: | |
|---|---|
| Formato: | Libro |
| Idioma: | English |
| Publicado: |
New York :
Academic Press,
1975.
|
| Series: | Computer science and applied mathematics
|
| Materias: | |
| Etiquetas: |
Agregar Etiqueta
Sin Etiquetas, Sea el primero en etiquetar este registro!
|
| LEADER | 00749nam a22002175a 4500 | ||
|---|---|---|---|
| 001 | EIQ.libpla002983 | ||
| 008 | 751231s1975####nyua#####b####001#0#eng#d | ||
| 005 | 20070927190414.0 | ||
| 245 | 1 | 0 | |a Graph theory : |b an algorithmic approach / |c Nicos Christofides. |
| 260 | |a New York : |b Academic Press, |c 1975. | ||
| 300 | |a xv, 400 p. : |b il. ; |c 24 cm. | ||
| 490 | 0 | |a Computer science and applied mathematics | |
| 504 | |a Incluye referencias bibliográficas e índice. | ||
| 020 | |a 0121743500 | ||
| 100 | 1 | |a Christofides, Nicos. | |
| 082 | 0 | 0 | |a 511/.5 |
| 650 | 4 | |a Teoría de grafos |x Procesamiento de datos. | |
| 650 | 0 | |a Graph theory |x Data processing. | |
| 010 | |a 74005664 | ||
| 040 | |a DLC |c DLC |d AR-BbSID | ||
| 859 | |a AR-BbSID |b BIB. PLAPIQUI |h 511.5 |i Ch 465 |p 1631 | ||
